| Поле | Инд. | ПП | Название | Значение |
|---|---|---|---|---|
| Тип записи | a | |||
| Библиографический уровень | b | |||
| 001 | Контрольный номер | RU/IS/BASE/141920535 | ||
| 005 | Дата корректировки | 20230523123214.8 | ||
| 084 | a | Индекс другой классификации/Индекс ББК | 87.3(2)6 | |
| a | Индекс другой классификации/Индекс ББК | 60.028.131 | ||
| a | Индекс другой классификации/Индекс ББК | 60.033.145.2 | ||
| a | Индекс другой классификации/Индекс ББК | 60.545 | ||
| 100 | 1_ | a | Автор | Матвеева Н. Ю. |
| 245 | 10 | a | Заглавие | С. Н. Булгаков о характере русской нации |
| 336 | a | Термин вида содержания | Текст | |
| 337 | a | Термин типа средства | непосредственный + электронный | |
| 504 | a | Библиография | Библиогр. ссылки | |
| 520 | 0_ | a | Аннотация | Настоящая статья посвящена рассмотрению этносоциологических идей С. Н. Булгакова |
| 600 | 14 | a | Персоналии | Булгаков Сергей Николаевич |
| 650 | 04 | a | Основная рубрика | история философии |
| a | Основная рубрика | социальная философия | ||
| a | Основная рубрика | социология | ||
| a | Основная рубрика | социология групп | ||
| a | Основная рубрика | философия | ||
| a | Основная рубрика | философия истории | ||
| a | Основная рубрика | этносоциология | ||
| 653 | 0_ | a | Ключевые слова | XX век |
| a | Ключевые слова | Восток | ||
| a | Ключевые слова | евразийство | ||
| a | Ключевые слова | Запад | ||
| a | Ключевые слова | западная культура | ||
| a | Ключевые слова | интернационализм | ||
| a | Ключевые слова | история социологии | ||
| a | Ключевые слова | космополитизм | ||
| a | Ключевые слова | менталитет | ||
| a | Ключевые слова | нации | ||
| a | Ключевые слова | национализм | ||
| a | Ключевые слова | национал-социализм | ||
| a | Ключевые слова | национальная жизнь | ||
| a | Ключевые слова | национальное самосознание | ||
| a | Ключевые слова | национальные отношения | ||
| a | Ключевые слова | национальный характер | ||
| a | Ключевые слова | немецкий народ | ||
| a | Ключевые слова | патриотизм | ||
| a | Ключевые слова | революция | ||
| a | Ключевые слова | религиозность | ||
| a | Ключевые слова | российская цивилизация | ||
| a | Ключевые слова | Россия | ||
| a | Ключевые слова | русская душа | ||
| a | Ключевые слова | русская культура | ||
| a | Ключевые слова | русская нация | ||
| a | Ключевые слова | русский национальный характер | ||
| a | Ключевые слова | теория нации | ||
| a | Ключевые слова | христианство | ||
| 773 | 18 | t | Заглавие источника | Вестник Московского университета. Серия 18, Социология и политология |
| d | Дата издания источника | 2002 | ||
| g | Прочая информация | № 4. - С. 118 - 133 | ||
| w | Контрольный № источника | RU/IS/BASE/148578004 | ||
| 856 | 40 | a | Имя сервера/домена | Библиотечная система Университета "Дубна" |
| d | Путь | http://lib.uni-dubna.ru/MegaPRO/Web | ||
| i | Указания/сценарий входа | Доступ по номеру читательского билета и фамилии читателя | ||
| u | URL | https://lib.uni-dubna.ru/MegaPRO/UserEntry?Action=FindDocs&ids=68656&idb=ec_110 | ||
| y | Справочный текст | Электронная версия | ||
| 900 | a | Имя электронного ресурса | Bulgakov_o_haraktere_russkoi_nacii | |
| x | Справочная информация | Полный текст | ||
| 901 | t | Тип документа | b |